[Event "Buenos Aires op 3rd"]
[Site "Buenos Aires"]
[Date "2025.07.15"]
[Round "7"]
[White "Echeguren, Martin"]
[Black "Troche, Dylan"]
[Result "1/2-1/2"]
[WhiteElo "2011"]
[BlackElo "1863"]
[PlyCount "65"]
[EventDate "2025.07.11"]
[EventType "swiss"]
[EventRounds "9"]
[EventCountry "ARG"]
[SourceTitle "CB30_2025"]
[SourceDate "2025.07.23"]
[SourceVersion "1"]
[SourceVersionDate "2025.07.23"]
[SourceQuality "1"]

1. d4 d5 2. c4 e6 3. Nf3 Nf6 4. Nc3 Be7 5. Bg5 h6 6. Bh4 0-0 7. e3 b6 8. Qb3 Bb7 9. Bxf6 Bxf6 10. cxd5 exd5 11. Rd1 Re8 12. Bd3 c6 13. 0-0 Ba6 14. Rfe1 Bxd3 15. Rxd3 Nd7 16. Ne2 Be7 17. Rc1 Rc8 18. Rdc3 Nb8 19. Nf4 Qd7 20. Ne5 Qb7 21. Qc2 Bd6 22. Nxd5 Bxe5 23. dxe5 Rxe5 24. Nf4 c5 25. Rd1 Rce8 26. Rcd3 Qe4 27. Qd2 Nc6 28. Rd5 Rxd5 29. Qxd5 Qxd5 30. Nxd5 Rd8 31. Nc3 Rxd1+ 32. Nxd1 Nb4 33. a3 1/2-1/2

[Event "Buenos Aires Masters op"]
[Site "Buenos Aires"]
[Date "2024.06.20"]
[Round "6"]
[White "Echeguren, Martin"]
[Black "Steiner, Matias"]
[Result "1-0"]
[WhiteElo "1984"]
[BlackElo "1867"]
[PlyCount "57"]
[EventDate "2024.06.17"]
[EventType "swiss"]
[EventRounds "9"]
[EventCountry "ARG"]
[SourceTitle "CBM 220 Extra"]
[Source "ChessBase"]
[SourceDate "2024.07.31"]
[SourceVersion "1"]
[SourceVersionDate "2024.07.31"]
[SourceQuality "1"]

1. d4 Nf6 2. c4 g6 3. Nc3 Bg7 4. e4 d6 5. Nf3 0-0 6. Be2 e5 7. Be3 Nc6 8. d5 Ne7 9. Nd2 Nd7 10. b4 f5 11. f3 Nf6 12. c5 Rf7 13. a4 Bf8 14. Rc1 b6 15. cxd6 cxd6 16. Nb5 Ba6 17. 0-0 f4 18. Bf2 g5 19. Nc7 Bxe2 20. Qxe2 Rc8 21. Ne6 Qd7 22. Rxc8 Qxc8 23. Nxg5 Rg7 24. Ne6 Rg6 25. Qc4 Qxc4 26. Nxc4 Nexd5 27. exd5 Nxd5 28. Nxf4 exf4 29. Rd1 1-0

[Event "ARG-ch sf 99th"]
[Site "Buenos Aires"]
[Date "2024.06.06"]
[Round "6"]
[White "Echeguren, Martin"]
[Black "Pierucci, Fabian"]
[Result "1-0"]
[WhiteElo "1984"]
[BlackElo "1924"]
[PlyCount "67"]
[EventDate "2024.06.01"]
[EventType "swiss"]
[EventRounds "9"]
[EventCountry "ARG"]
[SourceTitle "CBM 220 Extra"]
[Source "ChessBase"]
[SourceDate "2024.07.31"]
[SourceVersion "1"]
[SourceVersionDate "2024.07.31"]
[SourceQuality "1"]

1. d4 d5 2. c4 c6 3. Nf3 Nf6 4. Qb3 dxc4 5. Qxc4 Bf5 6. g3 Nbd7 7. Bg2 e6 8. 0-0 Be7 9. Nc3 0-0 10. Rd1 a5 11. Qb3 b5 12. a4 b4 13. Nb1 Rc8 14. Nbd2 c5 15. Nc4 cxd4 16. Rxd4 Bc5 17. Rd1 Bxf2+ 18. Kxf2 Nc5 19. Rxd8 Nxb3 20. Rxf8+ Kxf8 21. Nxa5 Nxa1 22. Bd2 Ne4+ 23. Ke1 Ke8 24. Nd4 Nxd2 25. Kxd2 Rd8 26. Nac6 Rd6 27. Kc1 Bg6 28. a5 Kd7 29. a6 Nb3+ 30. Nxb3 Rxc6+ 31. Kd2 Rc8 32. a7 Bc2 33. Nd4 Ba4 34. a8Q 1-0

[Event "Buenos Aires Masters op"]
[Site "Buenos Aires"]
[Date "2023.06.19"]
[Round "7"]
[White "Saliba, Cristian Ezequiel"]
[Black "Echeguren, Martin"]
[Result "1/2-1/2"]
[WhiteElo "1808"]
[BlackElo "1964"]
[PlyCount "58"]
[EventDate "2023.06.14"]
[EventType "swiss"]
[EventRounds "9"]
[EventCountry "ARG"]
[SourceTitle "CBM 215 Extra"]
[Source "ChessBase"]
[SourceDate "2023.09.30"]
[SourceVersion "1"]
[SourceVersionDate "2023.09.30"]
[SourceQuality "1"]

1. e4 e5 2. Nf3 Nc6 3. Bb5 a6 4. Ba4 Nf6 5. 0-0 Be7 6. Re1 b5 7. Bb3 d6 8. c3 0-0 9. h3 Na5 10. Bc2 c5 11. d4 Nd7 12. Nbd2 exd4 13. cxd4 Nc6 14. Nf1 Nxd4 15. Nxd4 cxd4 16. Qxd4 Ne5 17. Ne3 Bxh3 18. Nd5 Rc8 19. Bb3 Bd7 20. Bf4 Bf6 21. Qe3 Be6 22. Rac1 Rxc1 23. Rxc1 Bxd5 24. Bxd5 Qd7 25. Qb6 Nd3 26. Rc7 Qg4 27. Rxf7 Qd1+ 28. Kh2 Qh5+ 29. Kg1 Qd1+ 1/2-1/2

[Event "Buenos Aires Masters op"]
[Site "Buenos Aires"]
[Date "2023.06.14"]
[Round "1"]
[White "Echeguren, Martin"]
[Black "Montiel Marin, Micaela Agustina"]
[Result "1-0"]
[WhiteElo "1964"]
[BlackElo "1519"]
[PlyCount "63"]
[EventDate "2023.06.14"]
[EventType "swiss"]
[EventRounds "9"]
[EventCountry "ARG"]
[SourceTitle "CBM 215 Extra"]
[Source "ChessBase"]
[SourceDate "2023.09.30"]
[SourceVersion "1"]
[SourceVersionDate "2023.09.30"]
[SourceQuality "1"]

1. d4 Nf6 2. c4 c5 3. d5 d6 4. Nc3 e6 5. Nf3 exd5 6. cxd5 g6 7. Bf4 Bg7 8. Qa4+ Bd7 9. Qb3 Qc7 10. e4 0-0 11. Nd2 Nh5 12. Be3 a6 13. Be2 Nf6 14. a4 Bg4 15. f3 Bc8 16. 0-0 Nbd7 17. f4 Re8 18. Bf3 Rb8 19. a5 b5 20. axb6 Nxb6 21. Qa2 Qb7 22. Rae1 Ng4 23. Bxg4 Bxg4 24. Bf2 Bd7 25. Ra1 Ra8 26. Rfe1 Bb5 27. Qb3 Nd7 28. Nc4 Qb8 29. Nxb5 Qxb5 30. Qxb5 axb5 31. Nxd6 Rxa1 32. Rxa1 1-0

[Event "ARG-ch sf 98th"]
[Site "Buenos Aires"]
[Date "2023.04.30"]
[Round "2"]
[White "Echeguren, Martin"]
[Black "Needleman, Alejandro"]
[Result "0-1"]
[WhiteElo "1999"]
[BlackElo "2244"]
[PlyCount "60"]
[EventDate "2023.04.29"]
[EventType "swiss"]
[EventRounds "9"]
[EventCountry "ARG"]
[SourceTitle "CBM 214 Extra"]
[Source "ChessBase"]
[SourceDate "2023.07.31"]
[SourceVersion "1"]
[SourceVersionDate "2023.07.31"]
[SourceQuality "1"]

1. d4 Nf6 2. c4 e6 3. Nf3 b6 4. g3 Bb7 5. Bg2 Be7 6. 0-0 0-0 7. Re1 Re8 8. Nc3 Bb4 9. Bd2 Bxc3 10. Bxc3 Ne4 11. Qc2 Qc8 12. b3 Nxc3 13. Qxc3 c5 14. e4 d6 15. Rad1 Qc7 16. dxc5 dxc5 17. e5 Nc6 18. Ng5 h6 19. Ne4 Nd4 20. Nd6 Bxg2 21. Kxg2 Qc6+ 22. f3 Re7 23. Rd2 Rd7 24. Qe3 Rad8 25. Qe4 Qxe4 26. fxe4 Nc6 27. Kf1 Nxe5 28. Red1 Kf8 29. Ke2 a6 30. b4 cxb4 0-1

[Event "Buenos Aires Carnival op"]
[Site "Buenos Aires"]
[Date "2023.02.19"]
[Round "3"]
[White "Echeguren, Martin"]
[Black "Dolezal, Cristian"]
[Result "0-1"]
[WhiteElo "1990"]
[BlackElo "2354"]
[PlyCount "120"]
[EventDate "2023.02.18"]
[EventType "swiss"]
[EventRounds "7"]
[EventCountry "ARG"]
[SourceTitle "EXT 2024"]
[Source "ChessBase"]
[SourceDate "2023.10.10"]
[SourceVersion "1"]
[SourceVersionDate "2023.10.10"]
[SourceQuality "1"]

1. d4 g6 2. c4 Bg7 3. e4 c5 4. d5 d6 5. Bd3 e6 6. h3 Ne7 7. Nf3 0-0 8. 0-0 Na6 9. Re1 e5 10. Nc3 Kh8 11. Rf1 Ng8 12. Nh2 Qe7 13. Rb1 Bd7 14. a3 Bh6 15. Bxh6 Nxh6 16. Qd2 Kg7 17. Rbe1 f6 18. Bc2 Rab8 19. Bd3 b6 20. f3 Nf7 21. Qc2 Nc7 22. b4 Rfc8 23. Qd2 cxb4 24. axb4 b5 25. cxb5 Nxb5 26. Bxb5 Bxb5 27. Nxb5 Rxb5 28. Ra1 Qb7 29. Ra4 Rc4 30. Rfa1 Rbxb4 31. Rxa7 Qb6+ 32. Qf2 Qxf2+ 33. Kxf2 Rb2+ 34. Kg3 Rcc2 35. Rg1 f5 36. h4 f4+ 37. Kh3 h5 38. Raa1 Nd8 39. Rac1 Nb7 40. Rxc2 Rxc2 41. Rd1 Nc5 42. Nf1 Nb3 43. Kh2 Rb2 44. Kg1 Kf6 45. Kh2 Ke7 46. Kh3 Kd7 47. Kh2 Kc7 48. Kg1 Kb6 49. Rd3 Kb5 50. g3 Kc4 51. Rd1 Nd4 52. gxf4 Nxf3+ 53. Kh1 exf4 54. Rc1+ Kd3 55. Rc6 Rf2 56. Ra6 Rxf1+ 57. Kg2 Nd2 58. e5 f3+ 59. Kh2 Rf2+ 60. Kh3 Nf1 0-1

[Event "Vicente Lopez ProAm 100 Years op"]
[Site "Buenos Aires"]
[Date "2022.10.16"]
[Round "7"]
[White "Echeguren, Martin"]
[Black "Cumpe, Lucas"]
[Result "0-1"]
[WhiteElo "1970"]
[BlackElo "2154"]
[PlyCount "84"]
[EventDate "2022.10.11"]
[EventType "swiss"]
[EventRounds "9"]
[EventCountry "ARG"]
[SourceTitle "CBM 210 Extra"]
[Source "ChessBase"]
[SourceDate "2022.11.30"]
[SourceVersion "1"]
[SourceVersionDate "2022.11.30"]
[SourceQuality "1"]

1. d4 d5 2. c4 e6 3. Nf3 Nf6 4. Nc3 Be7 5. Bg5 h6 6. Bh4 0-0 7. e3 Ne4 8. Bxe7 Qxe7 9. Rc1 c6 10. Bd3 Nxc3 11. Rxc3 dxc4 12. Bxc4 Nd7 13. 0-0 b5 14. Bd3 Bb7 15. Be4 Rfc8 16. Nd2 f5 17. Bf3 e5 18. Nb3 b4 19. Rc1 e4 20. Be2 Kh7 21. Nc5 Nf6 22. Qa4 Nd5 23. Nxb7 Qxb7 24. Ba6 Qd7 25. Bxc8 Rxc8 26. g3 f4 27. Qc2 Qf5 28. exf4 Nxf4 29. f3 Nd3 30. Rcd1 Qd5 31. Rxd3 exd3 32. Qxd3+ Kh8 33. b3 Rd8 34. Rd1 c5 35. Qe4 cxd4 36. Qxd5 Rxd5 37. Kf2 Rc5 38. Rxd4 Rc2+ 39. Kg1 a5 40. Rd8+ Kh7 41. Ra8 Rxa2 42. f4 a4 0-1

[Event "Vicente Lopez ProAm 100 Years op"]
[Site "Buenos Aires"]
[Date "2022.10.16"]
[Round "6"]
[White "Toniutti, Ezio"]
[Black "Echeguren, Martin"]
[Result "1-0"]
[WhiteElo "2237"]
[BlackElo "1970"]
[PlyCount "67"]
[EventDate "2022.10.11"]
[EventType "swiss"]
[EventRounds "9"]
[EventCountry "ARG"]
[SourceTitle "CBM 210 Extra"]
[Source "ChessBase"]
[SourceDate "2022.11.30"]
[SourceVersion "1"]
[SourceVersionDate "2022.11.30"]
[SourceQuality "1"]

1. d4 Nf6 2. c4 e6 3. g3 Bb4+ 4. Bd2 Be7 5. Bg2 d5 6. Nf3 0-0 7. 0-0 c6 8. Qc2 Nbd7 9. Bc3 dxc4 10. a4 a5 11. Nbd2 Nb6 12. Ne5 Bd7 13. Ndxc4 Nxc4 14. Nxc4 Nd5 15. Bd2 Ra6 16. Rfd1 Qa8 17. Qb3 Rd8 18. e4 Nb4 19. Rac1 Be8 20. Bc3 Qa7 21. h4 b5 22. Ne3 bxa4 23. Qc4 Qb6 24. d5 cxd5 25. exd5 Bb5 26. Qg4 Bf8 27. dxe6 Rxd1+ 28. Rxd1 fxe6 29. h5 Qc7 30. h6 Rd6 31. Rxd6 Qxd6 32. hxg7 Be7 33. Be4 e5 34. Bxh7+ 1-0

[Event "Vicente Lopez ProAm 100 Years op"]
[Site "Buenos Aires"]
[Date "2022.10.15"]
[Round "5"]
[White "Llanos, Guillermo"]
[Black "Echeguren, Martin"]
[Result "1/2-1/2"]
[WhiteElo "2295"]
[BlackElo "1970"]
[PlyCount "60"]
[EventDate "2022.10.11"]
[EventType "swiss"]
[EventRounds "9"]
[EventCountry "ARG"]
[SourceTitle "CBM 210 Extra"]
[Source "ChessBase"]
[SourceDate "2022.11.30"]
[SourceVersion "1"]
[SourceVersionDate "2022.11.30"]
[SourceQuality "1"]

1. e4 e5 2. Nf3 Nc6 3. Nc3 Nf6 4. g3 Bc5 5. Bg2 d6 6. 0-0 a5 7. d3 0-0 8. Be3 Ba7 9. h3 Be6 10. Ng5 Bd7 11. Qd2 Nd4 12. f4 c6 13. a4 Nxc2 14. Bxa7 Nxa1 15. Be3 Nb3 16. Qd1 Nd4 17. fxe5 dxe5 18. Bxd4 exd4 19. Ne2 Ng4 20. Nxf7 Rxf7 21. Rxf7 Kxf7 22. hxg4 Bxg4 23. Qb3+ Kf8 24. Nf4 Qd7 25. Qb6 g5 26. Qc5+ Qe7 27. Qxd4 Qg7 28. Qc5+ Qe7 29. Qd4 Qg7 30. Qc5+ Qe7 1/2-1/2

[Event "ARG-ch sf 97th"]
[Site "Buenos Aires"]
[Date "2022.09.10"]
[Round "3"]
[White "Echeguren, Martin"]
[Black "Villegas, Franco"]
[Result "1/2-1/2"]
[WhiteElo "1993"]
[BlackElo "2319"]
[PlyCount "91"]
[EventDate "2022.09.08"]
[EventType "swiss"]
[EventRounds "9"]
[EventCountry "ARG"]
[SourceTitle "CBM 210 Extra"]
[Source "ChessBase"]
[SourceDate "2022.11.30"]
[SourceVersion "1"]
[SourceVersionDate "2022.11.30"]
[SourceQuality "1"]

1. d4 Nf6 2. c4 e6 3. Nf3 Bb4+ 4. Bd2 c5 5. Bxb4 cxb4 6. e3 0-0 7. Be2 d6 8. 0-0 a5 9. a3 bxa3 10. bxa3 Nc6 11. Nc3 e5 12. Qc2 exd4 13. Nxd4 Nxd4 14. exd4 Be6 15. Rab1 Rc8 16. Na4 Rc7 17. Rfc1 Re8 18. Bd3 Bxc4 19. Bxc4 d5 20. Qd3 dxc4 21. Rxc4 Rce7 22. Rcc1 Rd7 23. Nc3 Rxd4 24. Qb5 Rd7 25. h3 Rde7 26. Rd1 Qc7 27. Rdc1 Qf4 28. Qxa5 Re5 29. Qb4 Qd2 30. Nb5 Ne4 31. Qxd2 Nxd2 32. Nc7 Nxb1 33. Nxe8 Nxa3 34. Rc8 Kf8 35. Nd6+ Ke7 36. Nxb7 Nb5 37. Rc5 Re1+ 38. Kh2 Rb1 39. Re5+ Kf6 40. Re3 Rc1 41. Rf3+ Ke7 42. Na5 Nd6 43. Nb3 Rd1 44. Re3+ Kf8 45. Nc5 g6 46. Rd3 1/2-1/2

[Event "ARG-ch sf 97th"]
[Site "Buenos Aires"]
[Date "2022.09.09"]
[Round "2"]
[White "Gualpa, Carlos Alberto"]
[Black "Echeguren, Martin"]
[Result "0-1"]
[WhiteElo "1717"]
[BlackElo "1993"]
[PlyCount "124"]
[EventDate "2022.09.08"]
[EventType "swiss"]
[EventRounds "9"]
[EventCountry "ARG"]
[SourceTitle "CBM 210 Extra"]
[Source "ChessBase"]
[SourceDate "2022.11.30"]
[SourceVersion "1"]
[SourceVersionDate "2022.11.30"]
[SourceQuality "1"]

1. e4 e5 2. Nf3 Nc6 3. Bc4 Bc5 4. 0-0 d6 5. c3 Nf6 6. d3 h6 7. a4 Bb6 8. b4 a5 9. b5 Ne7 10. h3 Ng6 11. Be3 Bxe3 12. fxe3 0-0 13. Nbd2 Qe7 14. Qe1 Be6 15. Nh4 Nxh4 16. Qxh4 Rae8 17. Rf3 Nh7 18. Qg3 Ng5 19. Rf2 Bxc4 20. Nxc4 b6 21. h4 Ne6 22. d4 Nd8 23. d5 Nb7 24. Nb2 Nc5 25. Qg4 h5 26. Qxh5 Nxe4 27. Rc2 Nf6 28. Qd1 Nd7 29. Qg4 f5 30. Qg5 Qxg5 31. hxg5 Nc5 32. g6 Rf6 33. Rf1 Ref8 34. c4 Rxg6 35. Rcf2 Rgf6 36. Kh2 Ne4 37. Rc2 Rh6+ 38. Kg1 Ng3 39. Rf3 Rh1+ 40. Kf2 Ne4+ 41. Ke2 Rg1 42. Kd3 Nc5+ 43. Kc3 Ra1 44. Re2 Rc1+ 45. Rc2 Ra1 46. g3 Ra3+ 47. Kd2 Nxa4 48. Nxa4 Rxa4 49. Kc3 Ra1 50. Rcf2 Rc1+ 51. Kb3 Re1 52. g4 e4 53. Rf4 Rxe3+ 54. Kc2 Rf3 55. gxf5 Rxf2+ 56. Rxf2 Kf7 57. Kd2 Kf6 58. Ke3 Ke5 59. Rf4 Rxf5 60. Rxe4+ Kf6 61. Re6+ Kf7 62. Ke4 Rf6 0-1

[Event "ARG-ch 96th"]
[Site "Buenos Aires"]
[Date "2022.06.10"]
[Round "9"]
[White "Echeguren, Martin"]
[Black "Alvarez, Leandro"]
[Result "0-1"]
[WhiteElo "1995"]
[BlackElo "2108"]
[PlyCount "90"]
[EventDate "2022.06.02"]
[EventType "swiss"]
[EventRounds "11"]
[EventCountry "ARG"]
[SourceTitle "CBM 208 Extra"]
[Source "ChessBase"]
[SourceDate "2022.07.31"]
[SourceVersion "1"]
[SourceVersionDate "2022.07.31"]
[SourceQuality "1"]

1. d4 g6 2. Nf3 Bg7 3. c4 Nf6 4. Nc3 0-0 5. e4 d6 6. Be2 Na6 7. 0-0 e5 8. Be3 Ng4 9. Bg5 f6 10. Bh4 g5 11. Bg3 h5 12. h3 Nh6 13. dxe5 fxe5 14. Ne1 g4 15. hxg4 Nxg4 16. Bxg4 Bxg4 17. Qd5+ Kh7 18. f3 c6 19. Qd2 Bh6 20. Qe2 Be6 21. Rd1 Rg8 22. Bxe5 Qb6+ 23. Bd4 Qb4 24. e5 Bxc4 25. Qe4+ Rg6 26. Nc2 Qa5 27. exd6 Bxf1 28. Kxf1 Qg5 29. Ne1 Nc5 30. Bxc5 Qxc5 31. Qe7+ Rg7 32. Nd3 Qe3 33. Qxe3 Bxe3 34. Ne4 Bb6 35. Ne5 h4 36. d7 Rf8 37. Ke2 Rxg2+ 38. Kd3 h3 39. Rh1 h2 40. Nd6 Bc7 41. Ne8 Bd8 42. Ke4 Re2+ 43. Kd4 Rf4+ 44. Kd3 Rxe5 45. Rxh2+ Kg6 0-1

[Event "Buenos Aires Torre Blanca op"]
[Site "Buenos Aires"]
[Date "2022.02.17"]
[Round "5"]
[White "Fiorito, Joaquin"]
[Black "Echeguren, Martin"]
[Result "1-0"]
[WhiteElo "2054"]
[BlackElo "1978"]
[PlyCount "79"]
[EventDate "2022.02.03"]
[EventType "swiss"]
[EventRounds "7"]
[EventCountry "ARG"]
[SourceTitle "EXT 2023"]
[Source "ChessBase"]
[SourceDate "2022.10.05"]
[SourceVersion "1"]
[SourceVersionDate "2022.10.05"]
[SourceQuality "1"]

1. d4 d5 2. Nc3 Nf6 3. Bf4 c5 4. e4 Nxe4 5. Nxe4 dxe4 6. dxc5 Qa5+ 7. c3 Qxc5 8. Qa4+ Nc6 9. Qxe4 g6 10. Nf3 Bg7 11. Be2 0-0 12. 0-0 Bf5 13. Qa4 Rfd8 14. Rad1 Rxd1 15. Rxd1 a6 16. Be3 Qa5 17. Qb3 b5 18. Ng5 Rf8 19. a4 Ne5 20. axb5 h6 21. bxa6 hxg5 22. a7 Ng4 23. Bb6 Qe5 24. Bf3 Be6 25. Qa4 Qxh2+ 26. Kf1 Qh4 27. Qe4 Nh2+ 28. Ke1 Nxf3+ 29. gxf3 Kh7 30. Qxh4+ gxh4 31. Bd8 Bb3 32. Rd2 Bh6 33. f4 Bxf4 34. a8Q Bxd2+ 35. Kxd2 h3 36. Qb8 Be6 37. Qc7 Re8 38. Bxe7 Kg8 39. Bf6 Bd5 40. Qf4 1-0

[Event "ARG-ch sf 94th"]
[Site "Buenos Aires"]
[Date "2019.04.01"]
[Round "3"]
[White "Beroiz, Julian"]
[Black "Echeguren, Martin"]
[Result "1/2-1/2"]
[WhiteElo "2127"]
[BlackElo "1953"]
[PlyCount "105"]
[EventDate "2019.03.30"]
[EventType "swiss"]
[EventRounds "9"]
[EventCountry "ARG"]
[SourceTitle "CBM 189 Extra"]
[Source "ChessBase"]
[SourceDate "2019.05.31"]
[SourceVersion "1"]
[SourceVersionDate "2019.05.31"]
[SourceQuality "1"]

1. e4 e5 2. Nf3 Nc6 3. Bb5 a6 4. Ba4 Nf6 5. Qe2 b5 6. Bb3 Be7 7. c3 d6 8. d4 0-0 9. 0-0 Bg4 10. d5 Na5 11. Bc2 c6 12. h3 Bd7 13. dxc6 Bxc6 14. Bg5 Re8 15. Rd1 Qc7 16. Nbd2 Nb7 17. Nf1 Nc5 18. Ng3 h6 19. Bxf6 Bxf6 20. Nh2 g6 21. Qd2 Bh4 22. Qxd6 Qb6 23. b4 Na4 24. Qd3 Nb2 25. Qf3 Nxd1 26. Rxd1 Rad8 27. Rxd8 Qxd8 28. Ng4 Kg7 29. Bb3 Qd7 30. Ne3 Bxg3 31. fxg3 f5 32. Bd5 Bxd5 33. Nxd5 Rd8 34. g4 Qe6 35. gxf5 gxf5 36. Ne3 f4 37. Nd5 Kh8 38. Qh5 Rd6 39. Nc7 Qe7 40. Nd5 Qe6 41. Nc7 Qe7 42. Nd5 Qe6 43. Qh4 Qg6 44. Qe7 Qxe4 45. Qf8+ Kh7 46. Qf7+ Kh8 47. Qf8+ Kh7 48. Qe7+ Kh8 49. Qe8+ Kh7 50. Qe7+ Kh8 51. Qxd6 Qe1+ 52. Kh2 Qg3+ 53. Kg1 1/2-1/2

[Event "ARG-ch sf 94th"]
[Site "Buenos Aires"]
[Date "2019.03.31"]
[Round "2"]
[White "Echeguren, Martin"]
[Black "Mansilla, Martin"]
[Result "1/2-1/2"]
[WhiteElo "1953"]
[BlackElo "2149"]
[PlyCount "71"]
[EventDate "2019.03.30"]
[EventType "swiss"]
[EventRounds "9"]
[EventCountry "ARG"]
[SourceTitle "CBM 189 Extra"]
[Source "ChessBase"]
[SourceDate "2019.05.31"]
[SourceVersion "1"]
[SourceVersionDate "2019.05.31"]
[SourceQuality "1"]

1. d4 Nf6 2. c4 e6 3. Nf3 Bb4+ 4. Bd2 c5 5. Bxb4 cxb4 6. g3 0-0 7. Bg2 d6 8. 0-0 a5 9. a3 Na6 10. Nbd2 Re8 11. Qc2 e5 12. e3 Qc7 13. Rac1 h6 14. Ne1 Bd7 15. Ne4 Nxe4 16. Bxe4 exd4 17. exd4 Re7 18. Nf3 Rae8 19. Rfe1 Be6 20. Qd3 Qd7 21. Nd2 Bh3 22. Re3 Nc7 23. Bxb7 Ne6 24. Bg2 Ng5 25. Rce1 bxa3 26. bxa3 Bxg2 27. Kxg2 Qh3+ 28. Kg1 Rxe3 29. Rxe3 Rb8 30. Ne4 Ne6 31. Nc3 Qg4 32. Qe4 Qh5 33. h4 Rb2 34. Qa8+ Kh7 35. Qe4+ Kh8 36. Qa8+ 1/2-1/2

[Event "Buenos Aires Szmetan Giardelli op"]
[Site "Buenos Aires"]
[Date "2018.12.12"]
[Round "9"]
[White "Goldwasser, Jonathan"]
[Black "Echeguren, Martin"]
[Result "1/2-1/2"]
[WhiteElo "1713"]
[BlackElo "1967"]
[PlyCount "131"]
[EventDate "2018.12.04"]
[EventType "swiss"]
[EventRounds "9"]
[EventCountry "ARG"]
[SourceTitle "EXT 2024"]
[Source "ChessBase"]
[SourceDate "2023.10.10"]
[SourceVersion "1"]
[SourceVersionDate "2023.10.10"]
[SourceQuality "1"]

1. e4 e5 2. Nf3 Nc6 3. Nc3 Nf6 4. d4 exd4 5. Nxd4 Bb4 6. Nxc6 bxc6 7. Bd3 d5 8. exd5 cxd5 9. 0-0 0-0 10. Bg5 c6 11. Qf3 Bd6 12. Rad1 Rb8 13. b3 Be5 14. Ne2 Qc7 15. h3 h6 16. Bh4 Rb4 17. Bg3 Bxg3 18. fxg3 Re8 19. a3 Rb8 20. Nd4 Be6 21. Nf5 Bxf5 22. Bxf5 Qb6+ 23. Qf2 Re2 24. Qxb6 axb6 25. Bd3 Re3 26. Kf2 Rbe8 27. Rde1 Rxe1 28. Rxe1 Ne4+ 29. Bxe4 dxe4 30. g4 g6 31. Ke3 Ra8 32. Ra1 f5 33. gxf5 gxf5 34. g4 fxg4 35. hxg4 Kf7 36. Kxe4 Kf6 37. a4 Kg5 38. Rg1 Re8+ 39. Kd3 Rd8+ 40. Kc3 Ra8 41. Kb4 Re8 42. Ka3 c5 43. Rg3 Kf4 44. Rg1 Re3 45. Kb2 Re6 46. c3 Re2+ 47. Kb1 Kf3 48. g5 Kf2 49. Rg4 Re1+ 50. Kb2 Kf3 51. Rc4 hxg5 52. b4 cxb4 53. cxb4 Re8 54. a5 bxa5 55. bxa5 g4 56. Kb3 g3 57. Rc5 Kg4 58. Rc4+ Kh3 59. Rc3 Kh2 60. Kb4 g2 61. Rc2 Kg3 62. Rxg2+ Kxg2 63. a6 Kf3 64. Kb5 Ke4 65. a7 Kd5 66. Kb6 1/2-1/2

[Event "ARG-ch sf 93rd"]
[Site "Buenos Aires"]
[Date "2018.05.25"]
[Round "7"]
[White "Echeguren, Martin"]
[Black "Del Blanco, Eduardo"]
[Result "1-0"]
[WhiteElo "1935"]
[BlackElo "2052"]
[PlyCount "105"]
[EventDate "2018.05.19"]
[EventType "swiss"]
[EventRounds "9"]
[EventCountry "ARG"]
[SourceTitle "CBM 184 Extra"]
[Source "ChessBase"]
[SourceDate "2018.06.28"]
[SourceVersion "1"]
[SourceVersionDate "2018.06.28"]
[SourceQuality "1"]

1. d4 c5 2. d5 e5 3. c4 d6 4. Nc3 f5 5. e4 Nf6 6. Bd3 f4 7. Nf3 h6 8. a3 g5 9. h3 Na6 10. b4 b6 11. Rb1 Be7 12. Bb2 0-0 13. Ba1 Ne8 14. Nd2 Rf7 15. Be2 Nf6 16. Bg4 Nxg4 17. hxg4 Rh7 18. f3 Bd7 19. Ke2 Bf6 20. g3 Qe7 21. b5 Nc7 22. Kd3 Kg7 23. Ne2 a6 24. a4 axb5 25. cxb5 Rhh8 26. Nc4 Rhb8 27. gxf4 gxf4 28. Bc3 Be8 29. Bd2 Bg6 30. Nc3 Ne8 31. Be1 Bg5 32. Bf2 Ra7 33. Qe1 Qb7 34. Kd2 Qe7 35. Bh4 Bxh4 36. Qxh4 Qg5 37. Rh2 Qxh4 38. Rxh4 Rd7 39. Rbh1 h5 40. gxh5 Bf7 41. h6+ Kh7 42. a5 bxa5 43. Ra1 Ra7 44. Rxa5 Rxa5 45. Nxa5 Nf6 46. Nc4 Rd8 47. b6 Be8 48. b7 Kg6 49. Nxd6 Rb8 50. Nxe8 Rxe8 51. Na4 Nd7 52. h7 Kg7 53. h8Q+ 1-0

[Event "ARG-ch sf 93rd"]
[Site "Buenos Aires"]
[Date "2018.05.24"]
[Round "6"]
[White "Conde, Adrian"]
[Black "Echeguren, Martin"]
[Result "0-1"]
[WhiteElo "2123"]
[BlackElo "1935"]
[PlyCount "144"]
[EventDate "2018.05.19"]
[EventType "swiss"]
[EventRounds "9"]
[EventCountry "ARG"]
[SourceTitle "CBM 184 Extra"]
[Source "ChessBase"]
[SourceDate "2018.06.28"]
[SourceVersion "1"]
[SourceVersionDate "2018.06.28"]
[SourceQuality "1"]

1. Nf3 d5 2. d4 Nf6 3. g3 e6 4. Bg2 Be7 5. 0-0 0-0 6. c4 c6 7. b3 Nbd7 8. Bb2 Ne4 9. Nbd2 Nxd2 10. Qxd2 Nf6 11. Ne5 a5 12. f3 Qb6 13. Kh1 a4 14. c5 Qb5 15. b4 a3 16. Bc3 Ne8 17. e4 Nc7 18. Rab1 Rd8 19. Nxf7 Kxf7 20. Qf4+ Ke8 21. Qxc7 Qc4 22. Rb3 Rd7 23. Qf4 Qe2 24. Qc1 Qxa2 25. Qd1 dxe4 26. f4 Bf6 27. Bxe4 Bxd4 28. Bxd4 Rxd4 29. Qxd4 Qxb3 30. Rd1 a2 31. Qd8+ Kf7 32. Qc7+ Kf6 33. Qe5+ Kf7 34. Qh5+ Kf6 35. Qe5+ Kf7 36. Ra1 Kg8 37. f5 Bd7 38. f6 gxf6 39. Qxf6 Qe3 40. Qe5 Qh6 41. Bd3 Qg7 42. Qe1 Ra3 43. Bc4 Re3 44. Qf1 Qe5 45. Bxa2 Re2 46. Bb3 Qe4+ 47. Kg1 Qe3+ 48. Kh1 Qe4+ 49. Kg1 Qd4+ 50. Kh1 Rf2 51. Ra8+ Kg7 52. Qa1 Rb2 53. Qf1 Qe4+ 54. Kg1 Rb1 55. Bd1 Qd4+ 56. Kg2 Qd2+ 57. Qe2 Qd5+ 58. Kh3 e5+ 59. g4 Rxd1 60. Qf2 Rd3+ 61. Kh4 Rf3 62. Qe2 Rf4 63. h3 h5 64. Kxh5 Qf7+ 65. Kh4 Qf6+ 66. Kg3 e4 67. Qd2 Rf3+ 68. Kg2 Rd3 69. Qe2 Qf4 70. Qb2+ Kf7 71. Ra2 Qg3+ 72. Kf1 Rf3+ 0-1

[Event "ARG-ch sf 93rd"]
[Site "Buenos Aires"]
[Date "2018.05.19"]
[Round "1"]
[White "Echeguren, Martin"]
[Black "Coro, Lucas"]
[Result "0-1"]
[WhiteElo "1935"]
[BlackElo "2249"]
[PlyCount "144"]
[EventDate "2018.05.19"]
[EventType "swiss"]
[EventRounds "9"]
[EventCountry "ARG"]
[SourceTitle "CBM 184 Extra"]
[Source "ChessBase"]
[SourceDate "2018.06.28"]
[SourceVersion "1"]
[SourceVersionDate "2018.06.28"]
[SourceQuality "1"]

1. e4 c5 2. Nf3 e6 3. d4 cxd4 4. Nxd4 a6 5. Bd3 Bc5 6. Nb3 Be7 7. Qe2 Qc7 8. c4 d6 9. Nc3 Nf6 10. 0-0 0-0 11. Be3 Nbd7 12. f3 b6 13. Rac1 Bb7 14. Rfd1 Rac8 15. Nd4 Rfe8 16. b3 Qb8 17. Qf2 Bd8 18. Nde2 Bc7 19. Ng3 Kh8 20. Bb1 Rg8 21. Qd2 Ne5 22. Bf4 d5 23. Nce2 dxc4 24. Bxe5 Bxe5 25. f4 Rgd8 26. Qe3 Bb2 27. Rxd8+ Rxd8 28. Rf1 Qc7 29. bxc4 Ng4 30. Qf3 Qc5+ 31. Kh1 Ne3 32. Re1 Nxc4 33. Qb3 b5 34. Bd3 Na5 35. Qxb2 Rxd3 36. Rc1 Nc4 37. Qc2 Qd6 38. f5 e5 39. Qb1 Rd2 40. a4 b4 41. Qb3 Na5 42. Qxf7 Qd8 43. f6 Qg8 44. Qc7 Nb3 45. Rb1 Bxe4 46. fxg7+ Qxg7 47. Qxg7+ Kxg7 48. Rxb3 Bd3 49. Ng1 a5 50. h4 Bc4 51. Rb1 Ba2 52. Rc1 b3 53. Ne4 Rd4 54. Rc7+ Kf8 55. Nc3 Rxh4+ 56. Nh3 b2 57. Rc5 Rxa4 58. Ng5 Ra3 59. Rc8+ Ke7 60. Nge4 b1Q+ 61. Nxb1 Bxb1 62. Nd2 Bf5 63. Rc7+ Kd6 64. Ra7 Ra1+ 65. Kh2 a4 66. Ra5 Bd3 67. Kg3 Ra2 68. Nf3 e4 69. Nd4 e3 70. Kf3 e2 71. Kf2 Ra1 72. Nf3 Rf1+ 0-1